[Event "27th CRO-chT 1A-Men 2018"]
[Site "Biograd"]
[Date "2018.09.15"]
[Round "8.8"]
[White "Pikula, Dejan"]
[Black "Leventic, Ivan"]
[Result "1-0"]
[WhiteElo "2469"]
[BlackElo "2411"]
[Annotator "TA"]
[PlyCount "69"]
[EventDate "2018.09.08"]
[EventType "team-tourn"]
[EventCountry "CRO"]
[SourceTitle "playchess.com"]
[Source "ChessBase"]
[SourceQuality "1"]

{[%evp 19,69,16,18,21,16,24,19,19,18,0,8,0,33,10,24,14,12,0,13,30,36,0,36,28,20,20,25,29,100,110,116,0,0,-47,39,-2,0,0,0,-3,762,741,763,730,964,964,956,932,1943,1208,2558,1686]} 1. c4 e6 2. Nf3 Nf6 3. g3 d5 4. Bg2 Be7 5. O-O O-O 6. d4 c6 7. Nbd2 b6 8. Qc2 Ba6 {E06: Closed Catalan: Early deviations} (8... Bb7 9. b3 a5 10. Bb2 Na6 11. Rfd1 Rc8 12. Rac1 h6 13. Qb1 Rc7 14. Ne5 Nd7 15. Ndf3 Nxe5 16. Nxe5 Bd6 17. e4 {½-½ (45) Yu,Y (2751)-Sargissian,G (2672) Riadh 2017}) 9. b3 c5 10. Bb2 Nc6 {LiveBook: 3 Games. The position is equal.} 11. dxc5 bxc5 12. e3 $146 ({Predecessor:} 12. Ne5 Nxe5 13. Bxe5 Rc8 14. e3 Qb6 15. Rfd1 Rfd8 16. Rac1 {1-0 (49) Jaracz,P (2542)-Swiercz,D (2583) Warsaw 2012}) 12... Rc8 13. Rad1 Qb6 14. Rfe1 Rfd8 15. a3 Rb8 16. Rb1 h6 17. Ba1 Rbc8 18. Rbc1 Na5 19. cxd5 exd5 20. Nh4 d4 21. Nf5 Bf8 22. exd4 cxd4 23. Qb2 {[%cal Rf5d4]} Rc3 {[#]} (23... Nc6 $11 {remains equal.}) 24. b4 $1 $36 {[%cal Rb4a5][%mdl 2048] Keeping Black busy.} (24. Rxc3 dxc3 25. Qxc3 Ng4 $15) 24... Rd3 25. Red1 ({White should play} 25. Qa2 $16 {And now Ne7+ would win.} Rxd2 26. Qxd2) 25... Qe6 $11 26. Bh3 Kh8 (26... Nh7 $15 27. Re1 (27. bxa5 Ng5 $17) 27... Qd5 28. Nxd4 (28. bxa5 Ng5 $15) 28... Qh5) 27. bxa5 {Hoping for Nxh6!} Bxa3 28. Qb1 $1 {aiming for Rc2.} Bxc1 29. Qxc1 g6 $2 {[%mdl 8192]} (29... Rc8 $11 30. Qb1 Rc5) 30. Re1 $18 {White is clearly winning.} Qc8 {[#]} 31. Nc4 $1 {[%mdl 512]} gxf5 (31... Bxc4 32. Qxh6+) 32. Qxh6+ Nh7 33. Ne5 Bc4 34. Nxc4 Rc3 35. Nd6 {Precision: White = 46%, Black = 32%.} 1-0

[Event "27th CRO-chT 1A-Men 2018"]
[Site "Biograd"]
[Date "2018.09.15"]
[Round "8.9"]
[White "Zivkovic, Vjekoslav"]
[Black "Jovanovic, Zoran"]
[Result "1/2-1/2"]
[WhiteElo "2358"]
[BlackElo "2540"]
[Annotator "TA"]
[PlyCount "31"]
[EventDate "2018.09.08"]
[EventType "team-tourn"]
[EventCountry "CRO"]
[SourceTitle "playchess.com"]
[Source "ChessBase"]
[SourceQuality "1"]

{[%evp 11,31,40,47,21,62,46,64,43,61,41,64,61,60,54,91,85,79,56,50,48,47,47]} 1. e4 g6 2. d4 Bg7 3. Nf3 c6 4. h3 d6 5. Bd3 Nd7 6. O-O {B06: Modern Defence} e5 {LiveBook: 4 Games} 7. dxe5 (7. c3 Ne7 8. Nbd2 O-O 9. Re1 Qc7 10. Qc2 b5 11. a4 Rb8 12. b3 a6 13. Bb2 {½-½ (86) Girya,O (2482)-Khotenashvili,B (2484) Tbilisi 2018}) 7... dxe5 8. Be3 Ngf6 9. Nbd2 Qe7 10. c3 O-O 11. b4 $146 ({Predecessor:} 11. Qc2 Nc5 12. Be2 Nh5 13. Rfd1 {0-1 (27) Zysko,J (2107)-Wieczorek,Z (2301) Polanica Zdroj 2007}) 11... Rd8 12. Qc2 Nh5 13. Rfd1 c5 14. Nb3 {[%cal Rb4c5]} cxb4 15. cxb4 Nf8 16. Qc5 {Precision: White = 53%, Black = 81%.} 1/2-1/2

[Event "27th CRO-chT 1A-Men 2018"]
[Site "Biograd"]
[Date "2018.09.15"]
[Round "8.10"]
[White "Bukal, Vladimir Jr"]
[Black "Mrkonjic, Nenad"]
[Result "0-1"]
[WhiteElo "2380"]
[BlackElo "2352"]
[Annotator "ChessBase"]
[PlyCount "122"]
[EventDate "2018.09.08"]
[EventType "team-tourn"]
[EventCountry "CRO"]
[SourceTitle "playchess.com"]
[Source "ChessBase"]
[SourceQuality "1"]
[TimeControl "40/5400+30:1800+30"]

1. d4 {[%emt 0:00:30]} Nf6 {[%emt 0:02:30]} 2. Nf3 {[%emt 0:00:00]} d5 {[%emt 0:01:30]} 3. Bf4 {[%emt 0:00:00]} c6 {[%emt 0:05:30]} 4. e3 {[%emt 0:02:30]} Bf5 {[%emt 0:00:30]} 5. Ne5 {[%emt 0:04:30]} h6 {[%emt 0:00:30]} 6. Nd2 {[%emt 0:01:30]} Nbd7 {[%emt 0:01:30]} 7. g4 {[%emt 0:03:30]} Bh7 {[%emt 0:01:30]} 8. h4 {[%emt 0:00:30]} e6 {[%emt 0:01:30]} 9. Nd3 {[%emt 0:19:30]} c5 {[%emt 0:02:30]} 10. g5 {[%emt 0:07:30]} Bxd3 {[%emt 0:04:30]} 11. Bxd3 {[%emt 0:02:30]} hxg5 {[%emt 0:02:30]} 12. Bxg5 {[%emt 0:00:30]} cxd4 {[%emt 0:01:30]} 13. exd4 {[%emt 0:00:30]} Qb6 {[%emt 0:00:30]} 14. Nb3 {[%emt 0:01:30]} Bd6 {[%emt 0:04:30]} 15. Qf3 {[%emt 0:04:30]} Nh5 {[%emt 0:07:30]} 16. O-O-O {[%emt 0:06:30]} Ndf6 {[%emt 0:00:30]} 17. Kb1 {[%emt 0:03:30]} O-O-O {[%emt 0:14:30]} 18. Bd2 {[%emt 0:04:30]} Bc7 {[%emt 0:01:30]} 19. Rc1 {[%emt 0:02:30]} Kb8 {[%emt 0:00:30]} 20. c4 {[%emt 0:00:00]} Qc6 {[%emt 0:04:30]} 21. Nc5 {[%emt 0:15:45]} Bb6 {[%emt 0:06:30] 5} 22. Qe3 {[%emt 0:05:25]} dxc4 {[%emt 0:08:30] 2} 23. Bxc4 {[%emt 0:00:23]} Ng4 {[%emt 0:03:30] ]} 24. Qe2 {[%emt 0:04:40]} Rxd4 {[%emt 0:03:30] 7} 25. Nb3 {[%emt 0:00:54]} Re4 {[%emt 0:00:30] 3} 26. Qf1 {[%emt 0:00:13]} Nxf2 {[%emt 0:00:49]} 27. Rg1 {[%emt 0:03:13]} Qd6 {[%emt 0:01:57] [%clk 0:17.04]} 28. Rg5 {[%emt 0:03:38]} Ng3 {[%emt 0:01:40]} 29. Qg2 {[%emt 0:00:11]} Nf5 {[%emt 0:00:25]} 30. Qf3 {[%emt 0:02:57]} Rhxh4 {[%emt 0:01:18]} 31. Bf1 {[%emt 0:00:32]} g6 {[%emt 0:05:29]} 32. Qc3 {[%emt 0:00:30]} Qd8 {[%emt 0:00:02]} 33. Nc5 {[%emt 0:01:02]} Rd4 {[%emt 0:05:40]} 34. Be1 {[%emt 0:00:01]} Ne4 {[%emt 0:00:43]} 35. Nxe4 {[%emt 0:00:39]} Rhxe4 {[%emt 0:00:03]} 36. Rg3 {[%emt 0:00:51]} a6 {[%emt 0:01:19]} 37. Rh3 {[%emt 0:00:16]} Ka7 {[%emt 0:00:18]} 38. Bf2 {[%emt 0:00:32]} Rd6 {[%emt 0:00:45]} 39. Rh8 {[%emt 0:00:02]} Qd7 {[%emt 0:00:13]} 40. Bxb6+ {[%emt 0:00:00]} Rxb6 {[%emt 0:00:00]} 41. Rc8 {[%emt 0:05:16]} Qd4 {[%emt 0:04:19]} 42. Qc2 {[%emt 0:01:30]} Ne3 {[%emt 0:01:30]} 43. Qh2 {[%emt 0:00:30]} Qe5 {[%emt 0:00:00]} 44. Qxe5 {[%emt 0:01:30]} Rxe5 {[%emt 0:00:00]} 45. Bd3 {[%emt 0:00:30]} Rd5 {[%emt 0:00:30]} 46. Be4 {[%emt 0:00:30]} Rd7 {[%emt 0:00:30]} 47. Bf3 {[%emt 0:00:30]} Rbd6 {[%emt 0:01:30]} 48. a4 {[%emt 0:01:30]} Nd5 {[%emt 0:00:00]} 49. a5 {[%emt 0:00:00]} Rd8 {[%emt 0:00:00]} 50. R8c5 {[%emt 0:01:00]} R6d7 {[%emt 0:00:30]} 51. Rf1 {[%emt 0:02:30]} Rc7 {[%emt 0:04:30]} 52. Rxc7 {[%emt 0:00:30]} Nxc7 {[%emt 0:00:00]} 53. Kc2 {[%emt 0:00:30]} Kb8 {[%emt 0:00:00]} 54. Rh1 {[%emt 0:00:30]} Nb5 {[%emt 0:00:30]} 55. Bg2 {[%emt 0:00:30]} Kc7 {[%emt 0:00:30]} 56. Rh7 {[%emt 0:00:00]} Rd7 {[%emt 0:00:30]} 57. b4 {[%emt 0:00:00]} Kd6 {[%emt 0:00:30]} 58. Kd3 {[%emt 0:00:30]} Ke5+ {[%emt 0:00:30]} 59. Ke3 {[%emt 0:00:30]} Nd6 {[%emt 0:00:00]} 60. Rh8 {[%emt 0:00:00]} Rc7 {[%emt 0:00:00]} 61. Rb8 {[%emt 0:00:00]} g5 {[%emt 0:00:30]} 0-1

[Event "27th CRO-chT 1A-Men 2018"]
[Site "Biograd"]
[Date "2018.09.15"]
[Round "8.11"]
[White "Feletar, Darko"]
[Black "Dutina, Dario"]
[Result "1-0"]
[WhiteElo "2364"]
[BlackElo "2245"]
[Annotator "ChessBase"]
[PlyCount "115"]
[EventDate "2018.09.08"]
[EventType "team-tourn"]
[EventCountry "CRO"]
[SourceTitle "playchess.com"]
[Source "ChessBase"]
[SourceQuality "1"]
[TimeControl "40/5400+30:1800+30"]

1. d4 {[%emt 0:02:30] 4} e6 {[%emt 0:00:30] 4} 2. e4 {[%emt 0:05:30] 4} d5 {[%emt 0:00:30]} 3. Nd2 {[%emt 0:00:30]} dxe4 {[%emt 0:00:30]} 4. Nxe4 {[%emt 0:00:30]} Nd7 {[%emt 0:00:30]} 5. Nf3 {[%emt 0:00:30]} Ngf6 {[%emt 0:00:00]} 6. Nxf6+ {[%emt 0:00:30]} Nxf6 {[%emt 0:00:00]} 7. c3 {[%emt 0:00:30]} Bd6 {[%emt 0:02:30]} 8. Bd3 {[%emt 0:00:30]} b6 {[%emt 0:01:30]} 9. Ne5 {[%emt 0:18:30]} Bb7 {[%emt 0:06:30]} 10. Bb5+ {[%emt 0:04:30]} Kf8 {[%emt 0:01:30]} 11. O-O {[%emt 0:04:30]} c5 {[%emt 0:27:30]} 12. Bf4 {[%emt 0:05:30]} Qc7 {[%emt 0:01:30]} 13. Qe2 {[%emt 0:01:30]} a6 {[%emt 0:03:30]} 14. Ba4 {[%emt 0:02:30]} b5 {[%emt 0:00:30]} 15. dxc5 {[%emt 0:00:30]} Qxc5 {[%emt 0:00:00]} 16. Bb3 {[%emt 0:00:30]} Bxe5 {[%emt 0:05:00]} 17. Bxe5 {[%emt 0:03:30]} Ke7 {[%emt 0:16:30]} 18. Bd4 {[%emt 0:15:30]} Qc6 {[%emt 0:04:30]} 19. f3 {[%emt 0:00:30]} Rhe8 {[%emt 0:03:30]} 20. Qe5 {[%emt 0:04:30]} Rac8 {[%emt 0:04:08]} 21. Rae1 {[%emt 0:03:30] 2} Kf8 {[%emt 0:05:07]} 22. Qg5 {[%emt 0:05:57]} h6 {[%emt 0:00:42]} 23. Qg3 {[%emt 0:01:33]} Qc7 {[%emt 0:01:12]} 24. f4 {[%emt 0:03:04]} Re7 {[%emt 0:09:09] [%clk 0:05.12]} 25. Re5 {[%emt 0:07:17]} Bd5 {[%emt 0:01:49]} 26. Rfe1 {[%emt 0:02:23]} Bxb3 {[%emt 0:01:53]} 27. axb3 {[%emt 0:00:05]} Qd6 {[%emt 0:00:17]} 28. f5 {[%emt 0:02:21]} Rc6 {[%emt 0:00:10]} 29. b4 {[%emt 0:01:13]} Nd7 {[%emt 0:00:24]} 30. fxe6 {[%emt 0:00:36]} fxe6 {[%emt 0:01:12]} 31. R5e3 {[%emt 0:02:35]} Qxg3 {[%emt 0:00:01]} 32. Rxg3 {[%emt 0:00:00]} e5 {[%emt 0:00:23]} 33. Rge3 {[%emt 0:00:00]} Rce6 {[%emt 0:00:13]} 34. Bc5 {[%emt 0:00:27]} Nxc5 {[%emt 0:00:02]} 35. bxc5 {[%emt 0:00:09]} e4 {[%emt 0:01:24]} 36. b4 {[%emt 0:00:22]} Ke8 {[%emt 0:00:13]} 37. Rd1 {[%emt 0:00:21]} g5 {[%emt 0:00:38]} 38. Rd4 {[%emt 0:00:16]} Kf7 {[%emt 0:00:04]} 39. Kf2 {[%emt 0:00:43]} h5 {[%emt 0:00:13]} 40. Ke2 {[%emt 0:00:00]} Kf6 {[%emt 0:00:00]} 41. c4 {[%emt 0:02:38]} bxc4 {[%emt 0:05:46]} 42. Rxc4 {[%emt 0:00:30]} Kf5 {[%emt 0:00:30]} 43. Ra3 {[%emt 0:02:30]} Rc7 {[%emt 0:03:30]} 44. Ke3 {[%emt 0:00:30]} h4 {[%emt 0:01:30]} 45. h3 {[%emt 0:01:30]} Rcc6 {[%emt 0:01:30]} 46. Ra2 {[%emt 0:00:30]} Re5 {[%emt 0:01:30]} 47. Rd4 {[%emt 0:03:30]} Rce6 {[%emt 0:04:25]} 48. Rc4 {[%emt 0:02:30]} Rc6 {[%emt 0:00:10]} 49. Ra1 {[%emt 0:00:30]} Ree6 {[%emt 0:07:59]} 50. Rd4 {[%emt 0:04:30]} Rc8 {[%emt 0:03:03]} 51. Rf1+ {[%emt 0:01:22]} Kg6 {[%emt 0:00:02]} 52. Rxe4 {[%emt 0:00:30]} Rxe4+ {[%emt 0:02:18]} 53. Kxe4 {[%emt 0:00:09]} a5 {[%emt 0:00:19]} 54. bxa5 {[%emt 0:03:38]} Rxc5 {[%emt 0:00:06]} 55. Ra1 {[%emt 0:00:08]} Rc8 {[%emt 0:03:24]} 56. a6 {[%emt 0:00:07]} Re8+ {[%emt 0:01:06]} 57. Kd5 {[%emt 0:00:14]} Kf5 {[%emt 0:00:46]} 58. a7 {[%emt 0:01:07]} 1-0

[Event "27th CRO-chT 1A-Men 2018"]
[Site "Biograd"]
[Date "2018.09.15"]
[Round "8.12"]
[White "Bozinovic, Bogdan"]
[Black "Jukic, Branimir"]
[Result "0-1"]
[WhiteElo "2229"]
[BlackElo "2377"]
[Annotator "NA"]
[PlyCount "66"]
[EventDate "2018.09.08"]
[EventType "team-tourn"]
[EventCountry "CRO"]
[SourceTitle "playchess.com"]
[Source "ChessBase"]
[SourceQuality "1"]
[TimeControl "40/5400+30:1800+30"]

1. d4 {[%emt 0:00:30] 1} Nf6 {[%emt 0:02:30] 1} 2. c4 {[%emt 0:01:30] 1} g6 {[%emt 0:00:00]} 3. Nc3 {[%emt 0:00:00]} d5 {[%emt 0:00:00]} 4. Nf3 {[%emt 0:03:00]} Bg7 {[%emt 0:00:00]} 5. cxd5 {[%emt 0:00:30]} Nxd5 {[%emt 0:00:00]} 6. e4 {[%emt 0:00:00]} Nxc3 {[%emt 0:00:30]} 7. bxc3 {[%emt 0:00:00]} c5 {[%emt 0:00:00]} 8. Rb1 {[%emt 0:00:30]} O-O {[%emt 0:00:00]} 9. Be2 {[%emt 0:00:30]} cxd4 {[%emt 0:00:30]} 10. cxd4 {[%emt 0:00:30]} Qa5+ {[%emt 0:00:30]} 11. Bd2 {[%emt 0:00:30]} Qxa2 {[%emt 0:00:00]} 12. O-O {[%emt 0:00:30]} a5 {[%emt 0:00:00]} 13. Bg5 {[%emt 0:05:30]} Qe6 {[%emt 0:00:30] D85: Exchange Grünfeld: Unusual White 7th moves and lines with 7 Nf3} (13... a4 14. Bxe7 Re8 15. Bd6 Rxe4 16. Rc1 Nc6 17. Bc4 Qb2 18. Rb1 Qc3 19. Bxf7+ Kxf7 20. Ng5+ Kg8 21. Nxe4 Qxd4 {1-0 (48) Navara,D (2616)-Zezulkin,J (2558) Ustron 2004}) 14. Qc2 {[%emt 0:01:30]} Na6 {[%emt 0:02:30]} 15. Bc4 {[%emt 0:16:30]} Qd6 {[%emt 0:01:30]} 16. h3 $146 {[%emt 0:13:30]} ({Predecessor:} 16. Qb3 Nb4 17. e5 Qd8 18. d5 h6 19. Bh4 g5 20. Bg3 Bf5 21. Rbc1 {1-0 (38) Karner,C (2155)-Henni,M (2375) Zagan 1997}) 16... Nb4 {[%emt 0:03:30]} 17. Qd2 {[%emt 0:05:30]} Qc6 {[%emt 0:02:30]} 18. Qe2 {[%emt 0:01:30]} Qd6 {[%emt 0:12:30]} 19. Rfd1 {[%emt 0:01:30]} b5 {[%emt 0:04:30]} 20. Bxb5 {[%emt 0:02:30]} Bb7 {[%emt 0:00:30]} 21. d5 {[%emt 0:02:30]} Rfc8 $2 {[%emt 0:04:30]} ({Günstiger ist} 21... h6 $1 $14 22. Bc1 Rfc8) 22. e5 {[%emt 0:04:30]} Qb6 $18 {[%emt 0:06:30]} 23. Ba4 {[%emt 0:14:30]} Ba6 {[%emt 0:08:30]} 24. Qe4 {[%emt 0:02:30]} Rc4 {[%emt 0:06:30]} 25. Rd4 {[%emt 0:00:30]} Rxd4 {[%emt 0:00:30]} 26. Nxd4 {[%emt 0:00:30]} Rb8 {[%emt 0:09:30]} 27. Rd1 {[%emt 0:11:13]} Nd3 {[%emt 0:12:30] 1} 28. Be3 {[%emt 0:03:30]} Qb4 {[%emt 0:04:18]} 29. Bc2 {[%emt 0:00:35] [%clk 0:08.13]} Nc5 {[%emt 0:05:43]} 30. Qf4 {[%emt 0:00:29]} Qc4 {[%emt 0:00:07]} 31. Nc6 {[%emt 0:04:55]} Qxc2 {[%emt 0:00:58]} 32. Nxb8 {[%emt 0:02:30]} Qxd1+ {[%emt 0:00:11]} 33. Kh2 {[%emt 0:00:06]} Qxd5 {[%emt 0:00:25]} 0-1

[Event "27th CRO-chT 1A-Men 2018"]
[Site "Biograd"]
[Date "2018.09.15"]
[Round "8.13"]
[White "Tomashevsky, Evgeny"]
[Black "Movsesian, Sergei"]
[Result "1/2-1/2"]
[WhiteElo "2702"]
[BlackElo "2645"]
[Annotator "TA"]
[PlyCount "46"]
[EventDate "2018.09.08"]
[EventType "team-tourn"]
[EventCountry "CRO"]
[SourceTitle "playchess.com"]
[Source "ChessBase"]
[SourceQuality "1"]

{[%evp 25,46,19,25,27,24,34,53,17,40,32,25,32,40,39,61,4,16,0,0,0,0,0,0]} 1. d4 Nf6 2. c4 g6 3. Nc3 Bg7 4. e4 d6 5. Nf3 O-O 6. h3 e5 7. d5 a5 8. Be3 Na6 9. g4 Nd7 {E90: King's Indian: Classical: Early deviations and 6 h3} 10. a3 Nb6 11. Rg1 Bd7 12. h4 Kh8 13. b3 Nc5 {LiveBook: 5 Games} 14. a4 c6 15. dxc6 Bxc6 16. Bd3 Nbd7 {[%cal Bb6d7,Bd7f6,Bf6h7,Bh7f8,Bf8e6][%mdl 32]} 17. Bc2 {[#]} Nf6 $146 {[%cal Rc5e4]} 18. Nd2 h5 19. g5 Nh7 20. Nf3 (20. Qf3 $14) 20... Re8 $11 {The position is equal.} 21. Qd2 Nf8 22. O-O-O Qb6 23. Kb1 Nfe6 {Precision: White = 56%, Black = 95%.} 1/2-1/2

[Event "27th CRO-chT 1A-Men 2018"]
[Site "Biograd"]
[Date "2018.09.15"]
[Round "8.14"]
[White "Nguyen, Thai Dai Van"]
[Black "Saric, Ivan"]
[Result "1/2-1/2"]
[WhiteElo "2537"]
[BlackElo "2689"]
[Annotator "TA"]
[PlyCount "132"]
[EventDate "2018.09.08"]
[EventType "team-tourn"]
[EventCountry "CRO"]
[SourceTitle "playchess.com"]
[Source "ChessBase"]
[SourceQuality "1"]

{[%evp 22,132,21,37,33,39,22,18,67,4,15,10,8,-24,-22,-43,-17,-20,-15,-13,0,-97,-99,-99,-100,-97,-79,-89,-81,-88,-81,-99,-103,-101,-96,-96,-89,-106,-105,-108,-89,-89,-89,-89,-89,-89,-89,-79,-79,-79,-79,-79,-79,-89,-65,-89,-57,-57,-57,-57,-57,-57,-57,-57,-57,-57,-57,-57,-57,-57,-57,-89,-57,-57,-57,-57,-57,-57,-57,-57,-57,-57,-45,-45,-44,-44,-44,-44,-44,-44,-44,-44,-44,-44,-44,-44,0,0,0,0,0,0,0,0,0,0,0,0,0,0,0,0,0]} 1. Nf3 d5 2. d4 Nf6 3. c4 c6 4. Nc3 e6 5. Bg5 h6 6. Bxf6 Qxf6 7. e3 {[%cal Be2e3,Be3e4,Be4e5][%mdl 32]} g6 8. Bd3 {D43: Semi-Slav: 5 Bg5 h6} Bg7 9. O-O O-O 10. Re1 (10. Rc1 Nd7 11. cxd5 exd5 12. b4 Qd6 13. Qb3 Nb6 14. b5 Be6 15. bxc6 bxc6 16. Nd2 Rfc8 17. Ba6 Rcb8 18. Qc2 Nd7 {½-½ (63) Berkes,F (2678)-Perunovic,M (2593) Valjevo 2018}) 10... Nd7 11. e4 dxc4 12. e5 {LiveBook: 3 Games} Qd8 13. Bxc4 c5 14. Nb5 $146 Nb6 15. Bf1 (15. Bb3 $14) 15... cxd4 $11 16. Nd6 Bd7 17. Nxd4 Nc8 18. N4b5 Nxd6 19. Nxd6 Bc6 20. g3 Qe7 21. Bg2 (21. Qe2 $11 {remains equal.}) 21... Bxg2 $17 22. Kxg2 {[#]} Bxe5 $1 23. Rxe5 {Threatens to win with Re4.} Rad8 24. Nf5 gxf5 25. Qf3 Qf6 26. Rae1 Rd7 27. Qc3 Kg7 28. Rc5 Rfd8 29. Qxf6+ Kxf6 {[%mdl 4096] Endgame KRR-KRR} 30. Re2 h5 31. Rec2 Rd2 32. Rc7 Rxc2 33. Rxc2 {KR-KR} Rd7 34. Kf3 Rd4 35. Rc7 Rb4 36. b3 a5 37. h4 e5 38. Rc5 b5 39. Rc6+ Kg7 $1 40. Rb6 f6 41. Rb7+ Kg6 42. Rb6 a4 43. bxa4 Rxa4 44. Rxb5 Rxa2 45. Rb4 Ra1 46. Rc4 Rd1 47. Ke2 Rg1 48. Rc8 Ra1 49. Rc4 Ra3 50. Kf1 Rd3 51. Ke2 e4 52. Kf1 {[#]} f4 $1 {[%mdl 512] ...Kf5 is the strong threat.} 53. Rxe4 (53. gxf4 Kf5) 53... fxg3 {Hoping for ...Rf3.} 54. Kg2 gxf2 55. Kxf2 Kf5 56. Ra4 Ke5 57. Ra5+ Rd5 58. Ra4 f5 59. Ke3 {The position is equal.} Rb5 60. Ra3 Rc5 61. Kf3 Rb5 62. Ke3 Rd5 63. Ra4 Rc5 64. Ra3 f4+ 65. Kf3 Kf5 66. Rb3 $1 Rd5 {Precision: White = 72%, Black = 69%.} 1/2-1/2

[Event "27th CRO-chT 1A-Men 2018"]
[Site "Biograd"]
[Date "2018.09.15"]
[Round "8.15"]
[White "Markus, Robert"]
[Black "Sertic, Rudolf"]
[Result "1-0"]
[WhiteElo "2613"]
[BlackElo "2366"]
[Annotator "TA"]
[PlyCount "91"]
[EventDate "2018.09.08"]
[EventType "team-tourn"]
[EventCountry "CRO"]
[SourceTitle "playchess.com"]
[Source "ChessBase"]
[SourceQuality "1"]

{[%evp 24,91,73,58,61,48,60,43,75,72,84,83,86,76,69,76,87,81,78,76,95,87,87,66,87,87,87,87,114,114,125,125,125,99,125,125,125,95,122,93,99,99,115,98,99,99,112,99,108,108,118,100,99,92,89,3,8,14,1213,1202,1184,1178,1003,770,744,756,1196,1185,1166,1165]} 1. d4 d5 2. c4 e6 3. Nf3 c5 4. cxd5 exd5 5. g3 Nc6 6. Bg2 Nf6 7. O-O Be7 8. dxc5 Bxc5 9. a3 O-O 10. b4 Bb6 11. Nc3 Bg4 12. Bb2 Re8 13. Rc1 {LiveBook: 4 Games. D30: Queen's Gambit Declined: Systems without Nc3} Qe7 (13... h6 14. Na4 Qe7 15. Nxb6 axb6 16. Re1 Rad8 17. Qd3 Bxf3 18. Qxf3 Ne5 19. Qf4 Nc4 20. Bxf6 Qxf6 21. Qxf6 gxf6 22. Bxd5 Nxa3 23. Bxb7 {1-0 (46) Bacrot,E (2692)-Berelowitsch,A (2521) Germany 2016}) 14. h3 Bxf3 $146 ({Predecessor:} 14... Bf5 15. Nxd5 Nxd5 16. Qxd5 Be4 17. Qb3 Qd6 18. Ng5 Bg6 19. e3 Ne5 20. Rfd1 Nd3 21. Nxf7 Nxc1 22. Nxd6+ Nxb3 23. Nxe8 Rxe8 {1-0 (71) Mekhitarian,K (2566)-Umetsubo,C (2279) Joao Pessoa 2013}) 15. Bxf3 {White is slightly better.} Rad8 16. Na4 Ne5 17. Bxe5 Qxe5 18. Nxb6 axb6 19. Qd3 h5 20. h4 g6 21. Rfd1 Rd7 22. e3 Red8 23. Qb5 Qe6 24. Rd4 Ne4 25. Kg2 f5 26. Bd1 Kh7 27. Bb3 Nf6 28. Rcd1 Kg7 29. Qd3 Qc6 30. Kg1 Kh7 31. Qd2 Ne4 32. Qb2 Nf6 33. R4d2 Ne4 34. Rc2 Qe6 35. Qd4 Qd6 36. Rdc1 Nf6 37. Ba4 Re7 38. Bb5 Ra8 39. Rc8 (39. Rc3 $16) 39... Rxa3 $11 40. Rf8 Re6 $2 {[%mdl 8192] [#]} (40... Kg7 $11 41. Rcc8 Qe5 42. Qxb6 Ra1+ 43. Bf1 Qe6) 41. Rf7+ $18 {White is clearly winning.} Kg8 42. Rxb7 Qf8 43. Rxb6 Rxb6 44. Qxb6 Rb3 45. Rc7 Rxb4 46. Qe6+ {Precision: White = 49%, Black = 40%.} 1-0

[Event "27th CRO-chT 1A-Men 2018"]
[Site "Biograd"]
[Date "2018.09.15"]
[Round "8.16"]
[White "Biti, Ozren"]
[Black "Kuljasevic, Davorin"]
[Result "0-1"]
[WhiteElo "2366"]
[BlackElo "2548"]
[Annotator "TA"]
[PlyCount "44"]
[EventDate "2018.09.08"]
[EventType "team-tourn"]
[EventCountry "CRO"]
[SourceTitle "playchess.com"]
[Source "ChessBase"]
[SourceQuality "1"]

{[%evp 23,44,0,0,0,0,-9,0,-163,-147,-147,-128,-134,-116,-134,-139,-180,-154,-151,-158,-243,-237,-1415,-1387]} 1. e4 e5 2. Nf3 Nc6 3. Bc4 Nf6 4. d3 Be7 5. O-O O-O 6. Re1 d6 7. a4 Kh8 8. h3 {C55: Two Knights: 4 d3, 4 d4 exd4 5 e5 and Max Lange Attack} Ng8 9. Nc3 f5 10. Nd5 fxe4 11. dxe4 Nf6 12. Ng5 (12. a5 a6 13. Ra3 Be6 14. Nxf6 Bxc4 15. Nd5 Bb5 {½-½ (67) Caruana,F (2822)-Grischuk,A (2766) Saint Louis 2018}) 12... Nxd5 {LiveBook: 3 Games} 13. Nxh7 $1 Rf4 $1 {[%cal Rf4h4,Bf8f4,Bf4c4,Bc4c6,Bc6c2][%mdl 32] [#] Hoping for ...Rh4.} 14. g3 {Black must now prevent Qh5.} Qe8 $1 ({Don't blunder} 14... Nb6 $2 15. Qh5 $18) 15. exd5 $146 ({Reject} 15. Bxd5 Qg6 $17) (15. Qxd5 $11 {and White is okay.} Kxh7 16. gxf4) ({Predecessor:} 15. Qxd5 Nd4 16. Bxf4 {½-½ (49) Philippe,C (2430)-Howell,D (2597) Hastings 2009}) 15... Rxc4 $19 16. dxc6 Rxc6 17. Ng5 Qg6 18. h4 Rxc2 19. Ra3 Bxg5 20. hxg5 Bd7 21. g4 (21. Re2 $17 Rxe2 22. Qxe2) 21... Bc6 {Threatens to win with ...Qh7.} 22. Rd3 $2 {[#]} (22. Rh3+ Kg8 23. b4) 22... Qh7 $1 {[%mdl 512]} 0-1